Statistiken für Vorarlberg - Quiz

Klicken Sie hier um das Quiz zu spielen!

Allgemein

  • Dieses Quiz wurde 157 mal gespielt
  • Das Durchschnittsergebnis liegt bei 13 aus 20

Antwortstatistiken

HinweisAntwort% Korrekt
HauptstadtBregenz
98%
Angrenzende LänderDeutschland
98%
Angrenzende LänderSchweiz
98%
Angrenzendes österreichisches BundeslandTirol
98%
Angrenzende LänderLiechtenstein
97%
Größte StadtDornbirn
95%
Zweitgrößte StadtFeldkirch
93%
Größter SeeBodensee
92%
Kleinste der vier BezirkshauptstädteBludenz
86%
Längster Fluss(Alpen-)Rhein
75%
An diesem Veranstaltungsort in der Hauptstadt werden jährlich Festspiele ausgetragen (weltweit größter seiner Art)Bregenzer Seebühne
58%
Hausberg der Hauptstadt mit bekannter Seilbahn und TunnelPfänder
58%
Höchster BergPiz Buin
58%
Tal, das von der Ill durchflossen wird und eine der wichtigsten Tourismusregionen istMontafon
52%
SpitznameLändle
43%
1954 wurden über 100 Menschen in Vorarlberg durch eine Lawinenkatastrophe getötet. Diese Gemeinde war am stärksten betroffenBlons
28%
Eines der größten in Vorarlberg ansässigen Unternehmen, das im Möbelgeschäft tätig istJulius Blum GmbH
28%
Hochtal in den Allgäuer AlpenKleinwalsertal
24%
US-amerikanischer Schriftsteller und Nobelpreisträger, der mehrere Monate in Vorarlberg verbrachteErnest Hemingway
16%
Gründer der SOS-KinderdörferHermann Gmeiner
10%

Verteilung der Resultate

Perzentil nach korrekt beantworteten Fragen

Anzahl Personen mit jedem Resultat

Ihre Resultats-Entwicklung

Sie haben dieses Quiz noch nicht gespielt